000 00849nam a22002417a 4500
001 741
003 DO-SdBNP
005 20171208142153.0
007 741
008 160617b 1972 sp ||||| |||| 00| 0 spa d
040 _aBPMSU
_bspa
_cBPMSU
100 _aBunge, Mario,
_d1919-
245 _aLa ciencia :
_bsu método y su filosofía /
_cMario Bunge.
260 _a[s.l.
_bs.n.,
_c190?]
300 _a110 p. ;
_c 21 cm.
500 _aIncluye notas al pie de las páginas
505 _tQué es la ciencia? ;
_tCual es el método de la ciencia? ;
_tQué significa ley científica ? ;
_tFilosofar científicamente y encarar la ciencia filosóficamente.
650 _aETOLOGÍA CIENTÍFICA
650 _aFILOSOFÍA DE LA CIENCIA
942 _2ddc
_cBK
945 _aInventariado extranjero / 2017 YL
956 _aVMATEO
_b10
_c20160617
_dBPMSU
_f0069
999 _c10431
_d10431